<?xml version="1.0" encoding="UTF-8"?>
<record
    xmlns:xsi="http://www.w3.org/2001/XMLSchema-instance"
    xsi:schemaLocation="http://www.loc.gov/MARC21/slim http://www.loc.gov/standards/marcxml/schema/MARC21slim.xsd"
    xmlns="http://www.loc.gov/MARC21/slim">

  <leader>01137nam a22002657i 4500</leader>
  <datafield tag="999" ind1=" " ind2=" ">
    <subfield code="c">23637</subfield>
    <subfield code="d">23637</subfield>
  </datafield>
  <controlfield tag="003">AR-CdUCM</controlfield>
  <controlfield tag="008">260424b20202020 pe||||| |||| 00| 0 spa d</controlfield>
  <datafield tag="020" ind1=" " ind2=" ">
    <subfield code="a">978-612-47959-4-7</subfield>
  </datafield>
  <datafield tag="040" ind1=" " ind2=" ">
    <subfield code="a">MUNICIPALIDAD PROVINCIAL DEL CUSCO</subfield>
    <subfield code="c">BIBLIOTECA MUNICIPAL DEL CUSCO</subfield>
  </datafield>
  <datafield tag="082" ind1=" " ind2=" ">
    <subfield code="a">341.8</subfield>
    <subfield code="b">A59</subfield>
  </datafield>
  <datafield tag="100" ind1=" " ind2=" ">
    <subfield code="a">Andia Ch&#xE1;vez, Juan</subfield>
  </datafield>
  <datafield tag="245" ind1=" " ind2=" ">
    <subfield code="a">Deontolog&#xED;a Jur&#xED;dica :</subfield>
    <subfield code="b">&#xC9;tica y funci&#xF3;n social de la abogac&#xED;a jurisprudencia y legislaci&#xF3;n sobre la funci&#xF3;n del abogado /</subfield>
  </datafield>
  <datafield tag="260" ind1=" " ind2=" ">
    <subfield code="a">Lima-Per&#xFA;:</subfield>
    <subfield code="b">Ediciones Arte &amp; Pluma</subfield>
    <subfield code="c">2020</subfield>
  </datafield>
  <datafield tag="300" ind1=" " ind2=" ">
    <subfield code="a">314 p&#xE1;ginas. :</subfield>
    <subfield code="c">24x17 cm.</subfield>
  </datafield>
  <datafield tag="500" ind1=" " ind2=" ">
    <subfield code="z">Paginas: 307-314</subfield>
  </datafield>
  <datafield tag="505" ind1=" " ind2=" ">
    <subfield code="a">Importancia de la deontolog&#xED;a jur&#xED;dica -- Crisis de la deontolog&#xED;a -- La costumbre -- La moral -- La &#xC9;tica -- Abogac&#xED;a en la edad antigua, Edad media, moderna, contempor&#xE1;nea -- Perfil de abogado -- Abogac&#xED;a y las corporaciones gremiales -- Crisis de la abogac&#xED;a</subfield>
  </datafield>
  <datafield tag="650" ind1=" " ind2=" ">
    <subfield code="a">&#xC9;tica </subfield>
    <subfield code="9">1337</subfield>
  </datafield>
  <datafield tag="650" ind1=" " ind2=" ">
    <subfield code="a">Moral</subfield>
    <subfield code="9">4056</subfield>
  </datafield>
  <datafield tag="650" ind1=" " ind2=" ">
    <subfield code="a">Misi&#xF3;n </subfield>
    <subfield code="9">20322</subfield>
  </datafield>
  <datafield tag="650" ind1=" " ind2=" ">
    <subfield code="a">Funci&#xF3;n Social</subfield>
    <subfield code="9">52698</subfield>
  </datafield>
  <datafield tag="650" ind1=" " ind2=" ">
    <subfield code="a">Crisis de la abogac&#xED;a</subfield>
    <subfield code="9">52699</subfield>
  </datafield>
  <datafield tag="942" ind1=" " ind2=" ">
    <subfield code="2">ddc</subfield>
    <subfield code="c">LIBROS</subfield>
  </datafield>
  <datafield tag="945" ind1=" " ind2=" ">
    <subfield code="a">pbjr</subfield>
    <subfield code="d">24-04-2026</subfield>
  </datafield>
  <datafield tag="952" ind1=" " ind2=" ">
    <subfield code="0">0</subfield>
    <subfield code="2">ddc</subfield>
    <subfield code="4">0</subfield>
    <subfield code="7">0</subfield>
    <subfield code="a">SH</subfield>
    <subfield code="b">SH</subfield>
    <subfield code="c">CART</subfield>
    <subfield code="d">2026-04-24</subfield>
    <subfield code="e">Donaci&#xF3;n</subfield>
    <subfield code="g">35.00</subfield>
    <subfield code="o">341.8 / A59</subfield>
    <subfield code="p">SH0000017114</subfield>
    <subfield code="r">2026-04-24</subfield>
    <subfield code="y">LIBROS</subfield>
  </datafield>
</record>
